000 00550nam a2200217Ia 4500
003 OSt
005 20221005132854.0
006 a|||||r|||| 00| 0
007 ta
008 221004b |||||||| |||| 00| 0 tam d
024 _a49335
037 _cTextual
040 _aCRL
_cCRL
_btam
041 _2tam
_atam
082 _aO31,2M73,71, J7
100 _aSambhandhamudhaliar
_9632716
245 0 _aVanipura vanigan
260 _c1966
942 _hO31,2M73,71, J7
_cTEXL
_2cc
999 _c1065079
_d1065079